Origen y evolución de la pequeña propiedad campesina en La Pampa seca argentina. (El caso de la Provincia de la Pampa) (Registro nro. 16045)
[ vista simple ]
| 000 -LEADER | |
|---|---|
| fixed length control field | 00410 a2200109 4500 |
| 001 - CONTROL NUMBER | |
| control field | ART_2898 |
| 005 - DATE AND TIME OF LATEST TRANSACTION | |
| control field | 20260410161711.0 |
| 008 - FIXED-LENGTH DATA ELEMENTS--GENERAL INFORMATION | |
| fixed length control field | 260409a |
| 100 1# - MAIN ENTRY--PERSONAL NAME | |
| Personal name | Gaignard, Romain |
| 245 10 - TITLE STATEMENT | |
| Title | Origen y evolución de la pequeña propiedad campesina en La Pampa seca argentina. (El caso de la Provincia de la Pampa) |
| 773 0# - HOST ITEM ENTRY | |
| Title | Desarrollo económico |
| Related parts | - Vol. 6, Nº 21 (abr./jun. 1966) |
| Record control number | REV1174 |
No hay ítems disponibles.